• 首页
  • 本馆介绍
  • 公告通知
  • 最新文献
  • 馆藏检索
  • 电子资源
  • 读者导购
  • 参考咨询
  • 我的图书馆
  • 登录
  • 详细信息显示
  • 放入我的书架
  • 预约/预借图书
  • 作者相关作品
  • 分类相关作品
  • 丛书相关作品
  • 出版社相关作品

书目信息

  • 表格格式
  • 工作单格式
  • 卡片格式
题名:
偏斜的金字塔
    
 
作者: 马建堂 著
分册:  
出版信息: 北京   学苑出版社  1989.3
页数: 115页
开本: 19cm
丛书名: 经济学者对社会的警告
单 册:
中图分类: D6-51
科图分类:
主题词: 政治--中国--丛书
电子资源:
ISBN: 7-80060-307-5
000 00815nam2 2200241 45
001 0189001706
005 20050623155317.7
010    @a7-80060-307-5@dCNY1.45
100    @a19900806d1989 k y0chiy0120 ea
101 0  @achi
102    @aCN@b110000
105    @ay z 000yy
200 10 @a偏斜的金字塔@Apian xie de jin zi ta@e我国产业结构的失衡@Ewo guo chan ye jie gou de shi heng@f马建堂著@Fma jian tang zhu
210    @a北京@c学苑出版社@d1989.3
215    @a115页@d19cm
225 2  @a经济学者对社会的警告@f韩朝华主编
330    @a本书内容包括产业结构的演变与演变环境的改变,农村非农产业化中的隐忧,基础工业与加工工业的失衡等。
410  0 @120010@a经济学者对社会的警告
606 0  @a政治@x中国@x丛书
690    @aD6-51@v3
701  0 @a马建堂@4著
801  0 @aCN@bNLC@c19900806
905    @dD6-51@e30:10@b257144@f1
    
    偏斜的金字塔:我国产业结构的失衡/马建堂著.-北京:学苑出版社,1989.3
    115页;19cm.-(经济学者对社会的警告/韩朝华主编)
    
    
    ISBN 7-80060-307-5:CNY1.45
    本书内容包括产业结构的演变与演变环境的改变,农村非农产业化中的隐忧,基础工业与加工工业的失衡等。
●
相关链接 在E读中查询图书 在五车中查询图书 在当当中查询图书 在豆瓣中查询图书


正题名:偏斜的金字塔     索取号:D6-51/30:10         预约/预借

序号 登录号 条形码 馆藏地/架位号 状态 备注
1 0257143   000484728   密集书库/ [索取号:D6-51/30:10] 在馆    
2 0257144   000484737   第一样本阅览室/ [索取号:D6-51/30:10] 在馆    
3 0257145   000484746   密集书库/ [索取号:D6-51/30:10] 在馆    
唐山师范学院图书馆 欢迎您!
大连网信软件有限公司© 版权所有